Малкият лорд Фаунтлерой (Запис номер 16760)
[ съкратено ]
| 000 -Лидер | |
|---|---|
| Контролно поле с фиксирана дължина | 01627nam a2200385 c 4500 |
| 003 - Код на организацията, давaща контролен номер | |
| Контролно поле | BLK |
| 005 - Дата и час на последна редакция | |
| Контролно поле | 20240418155540.0 |
| 008 - Елементи от данни с фиксирана дължина | |
| fixed length control field | 180413b bul|||||r ||||||| ||bul|| |
| 010 ## - Наследен системен номер | |
| LC control number | KNG00018661000 |
| 020 ## - Международен стандартен номер на книга ISBN | |
| Международен стандартен номер на книга ISBN | 954-657-111-3 |
| -- | издат.: Пан |
| 040 ## - Източник на каталожния запис | |
| Идентификатор на билиотеката - собственик на записа | BLK |
| 041 ## - Код за език | |
| Код за езика на текст/звукозапис или на отделно заглавие | Български |
| Код за езика КДБФ | Български |
| 080 ## - УДК | |
| Текстов определител УДК | Американска литература (на САЩ) |
| УДК код - определител по УДК | 821.111(73) |
| УДК определител | -93-31 |
| УДК - код + определител | 821.111(73)-93-31 |
| 100 1# - Редна дума - Автор | |
| Автор | Бърнет, Франсис Ходжсьн |
| Авторска отговорност | първи автор |
| R(LIN) | 260772 |
| 139 ## - Редно поле | |
| Редна дума | Бърнет, Франсис Ходжсьн |
| Авторски знак | Бър - Б 93 |
| 245 10 - Сведения за заглавието | |
| Заглавие | Малкият лорд Фаунтлерой |
| Подзаглавни данни | Роман за юноши |
| Редно поле (дума) | Франсис Ходжсьн Бърнет; прев. Ивелин Аргиров Иванов; ил. Реджиналд Бърч. |
| 250 ## - Област на изданието | |
| Сведения за изданието | [Ново изд.] |
| 257 ## - Страна на издаване | |
| Страна на създаване/издаване | Съединени американски щати |
| 260 ## - Област на издателските данни | |
| -- | София |
| Име на издателя, разпространителя и проч. | Пан |
| Година на издаване | 1997 |
| 300 ## - Физическа характеристика | |
| Страници | 236 с. |
| Илюстрации и др. | с ил. |
| Размери/Мащаб | 20 см |
| 380 ## - Жанр | |
| Жанр | Детска худож. лит. |
| 490 1# - СЕРИИ (Колекции) | |
| Име на серия | Вечните детски романи |
| №: серия | 22 |
| 500 ## - Общи забележки | |
| Забележка | Ориг. загл. Little lord Fauntleroy / Frances Hodgson Burnett. - 3 500 тир., доп. тир. 2011. |
| 653 ## - Ключова дума – ненормативна | |
| Ключова дума | романи |
| 653 ## - Ключова дума – ненормативна | |
| Ключова дума | литература за деца |
| 653 ## - Ключова дума – ненормативна | |
| Ключова дума | детска литература |
| 700 1# - Други автори (авторска отговорност) | |
| Лично име | Иванов, Ивелин Аргиров |
| Автороска отговорност (Описва отношението между автора и произведението) | прев. |
| 9 (RLIN) | 363977 |
| 700 1# - Други автори (авторска отговорност) | |
| Лично име | Бърч, Реджиналд |
| Автороска отговорност (Описва отношението между автора и произведението) | ил. |
| 9 (RLIN) | 261399 |
| 852 ## - Местоположение | |
| Форматна сигнатура | Цб 193848 |
| 856 4# - Електронен адрес и достъп | |
| Електронен формат | pdf - файл |
| Път до файла /url/ | |
| 856 4# - Електронен адрес и достъп | |
| Електронен формат | pdf - файл |
| Път до файла /url/ | |
| 942 ## - АРТИКУЛИ | |
| Вид на библиотечния материал | Книги |
| Скрит в OPAC | Не |
| Koha issues (borrowed), all copies | 4 |
| 944 ## - СЪЗДАВАНЕ И РЕДАКЦИЯ на ЗАПИСА | |
| Създаване/Редакция | Създаване |
| Дата на регистрацията/редакция | 15.01.2003 |
| Статус, дата на статуса | Грета Цуфелде |
| Служител, извършил регистрацията/редакцията | 30537 |
| 944 ## - СЪЗДАВАНЕ И РЕДАКЦИЯ на ЗАПИСА | |
| Създаване/Редакция | Редакция |
| Дата на регистрацията/редакция | 20.09.2017 |
| Статус, дата на статуса | ф / |
| Служител, извършил регистрацията/редакцията | Ива_Цветкова |
| 999 ## - СИСТЕМНИ КОНТРОЛНИ НОМЕРА | |
| Koha biblionumber | 16760 |
| Koha biblioitemnumber | 16760 |
| Код за отписване | Код за изгубен артикул | Код за повреда | Коз за рестрикции | Код за отдаване | Артикулен № | Име на библиотеката - собственик | Име на библиотеката, в която се намира в момента | Статус (Текущо местоположение) | Дата на вписване в системата | Местоположение - отдел | Цена в лева | Инвентарен номер | Систематично азбучна сигнатура | Баркод | Номер на екземпляра | Цена в евро | Служебна бележка | Служебен тип на артикула | Бележка за публиката | Източник на класификационната схема |
|---|---|---|---|---|---|---|---|---|---|---|---|---|---|---|---|---|---|---|---|---|
| Изтеглен | Не е изгубен | Не е повреден | без рестрикции | заемане за дома | 28219 | Регионална библиотека "Любен Каравелов" Русе | Регионална библиотека "Любен Каравелов" Русе | 2001-01-01 | Детски отдел | 2.00 | 634906 | ДХ 820/899/Б 93 | 634906 | 1 | 1.02 | Дост: Pk Вид: Ф N: стар фонд Дата: 01.01.1997 Дата инв: 07.09.2015 Бележки инв: Д2015 | Книги | Отч.N: 33/2017 , Дата: 04.09.2017 | ||
| Изтеглен | Не е изгубен | Не е повреден | без рестрикции | заемане за дома | 28220 | Регионална библиотека "Любен Каравелов" Русе | Регионална библиотека "Любен Каравелов" Русе | Детски отдел | 2001-01-01 | Детски отдел | 2.00 | 634907 | ДХ 820/899/Б 93 | 634907 | 2 | 1.02 | Дост: Pk Вид: Ф N: стар фонд Дата: 01.01.1997 Дата инв: 07.09.2015 Бележки инв: Д2015 | Книги | ||
| Не е изгубен | Не е повреден | без рестрикции | ползва се в читалня | 28221 | Регионална библиотека "Любен Каравелов" Русе | Регионална библиотека "Любен Каравелов" Русе | Хранилище | 2001-01-01 | Хранилище | 2.00 | 635831 | Цб 193848 | 120000635831 | 3 | 1.02 | Дост: Dp Вид: Д N: стар фонд Дата: 01.01.1997 | Книги | Universal Decimal Classification | ||
| Не е изгубен | Не е повреден | без рестрикции | заемане за дома | 28222 | Регионална библиотека "Любен Каравелов" Русе | Регионална библиотека "Любен Каравелов" Русе | Детски отдел | 2013-12-05 | Детски отдел | 5.90 | 120000772428 | ДХ 820/899/Б 93 | 120000772428 | 4 | 3.02 | Дост: Ak Вид: Г N: 18 Дата: 05.12.2013 Дата инв: 06.08.2015 Бележки инв: Д2015 | Книги |